|
|
|
|
| LEADER |
01563nam a2200397Ia 4500 |
| 001 |
EBC547334 |
| 003 |
MiAaPQ |
| 005 |
20200520144314.0 |
| 006 |
m o d | |
| 007 |
cr cn||||||||| |
| 008 |
091210s2010 enka sb 001 0 eng d |
| 010 |
|
|
|z 2009049512
|
| 020 |
|
|
|z 9780415478526 (hb)
|
| 020 |
|
|
|a 9780203850411 (electronic bk.)
|
| 035 |
|
|
|a (MiAaPQ)EBC547334
|
| 035 |
|
|
|a (Au-PeEL)EBL547334
|
| 035 |
|
|
|a (CaPaEBR)ebr10402273
|
| 035 |
|
|
|a (CaONFJC)MIL273324
|
| 035 |
|
|
|a (OCoLC)646788502
|
| 040 |
|
|
|a MiAaPQ
|c MiAaPQ
|d MiAaPQ
|
| 050 |
|
4 |
|a HD30.255
|b .E5777 2010
|
| 082 |
0 |
4 |
|a 658.4/083
|2 22
|
| 245 |
0 |
0 |
|a Environmental efficiency, innovation and economic performances
|h [electronic resource] /
|c edited by Massimiliano Mazzanti, Anna Montini.
|
| 260 |
|
|
|a Abingdon, Oxon ;
|a New York, NY :
|b Routledge,
|c 2010.
|
| 300 |
|
|
|a xxvii, 241 p. :
|b ill.
|
| 504 |
|
|
|a Includes bibliographical references and index.
|
| 533 |
|
|
|a Electronic reproduction. Ann Arbor, MI : ProQuest, 2015. Available via World Wide Web. Access may be limited to ProQuest affiliated libraries.
|
| 650 |
|
0 |
|a Industrial management
|x Environmental aspects.
|
| 650 |
|
0 |
|a Industries
|x Environmental aspects.
|
| 650 |
|
0 |
|a Technological innovations
|x Environmental aspects.
|
| 650 |
|
0 |
|a Organizational change
|x Environmental aspects.
|
| 655 |
|
4 |
|a Electronic books.
|
| 700 |
1 |
|
|a Mazzanti, Massimiliano.
|
| 700 |
1 |
|
|a Montini, Anna.
|
| 710 |
2 |
|
|a ProQuest (Firm)
|
| 856 |
4 |
0 |
|u https://ebookcentral.proquest.com/lib/matrademy/detail.action?docID=547334
|z Click to View
|